Tragsysteme = Structure systems /

Uloženo v:
Podrobná bibliografie
Hlavní autor: Engel, Heino 1925- (Autor)
Médium: Kniha
Jazyk:němčina
angličtina
Vydáno: Ostfildern : Hatje Cantz, 2009
Vydání:4. Aufl.
Témata:
ISBN:9783775718769
On-line přístup: Získat plný text
Tagy: Přidat tag
Žádné tagy, Buďte první, kdo vytvoří štítek k tomuto záznamu!

MARC

LEADER 00000nam a2200000 4500
003 SK-BrCVT
005 20220621162621.0
008 100329s2009 gw e ||||||ger d
020 |a 9783775718769 
035 |a CVTIDW1520749 
040 |b slo  |a CVTI SR  |e AACR2 
041 0 |a ger  |a eng 
044 |a gw 
080 |a 624.07  |2 UDC-MRF 
100 1 |a Engel, Heino  |d 1925-,  |4 aut 
245 1 0 |a Tragsysteme =  |b Structure systems /  |c Heino Engel 
250 |a 4. Aufl. 
260 |a Ostfildern :  |b Hatje Cantz,  |c 2009 
300 |a 352 s. :  |b lit., obr., tab. ; 
653 1 |a konštrukčný systém  |a pevný rám  |a dosková konštrukcia  |a krov 
910 |a BA002  |b A610393 
919 |a 978-3-7757-1876-9 
974 |f Knihy 
992 |a APH 
999 |c 151485  |d 151485